| 000 | 00852nam a2200205Ii 4500 | ||
|---|---|---|---|
| 003 | JO-AjNU | ||
| 008 | 230605s9999||||xx |||||||||||||| ||und|| | ||
| 040 |
_aJO-AjNU _bara _erda _cJO-AjNU |
||
| 041 | _aara | ||
| 050 | 1 | 4 | _aHD30.2.A54 2018 |
| 100 | 3 |
_aالعاني، مزهر شعبان /م.مشارك شوقي ناجي جواد/ م.مشارك هيثم علي حجازي, _eauthor _958111 |
|
| 245 | 0 | 0 | _aذكاء الأعمال وتكنولوجيا المعلومات |
| 250 | _aط2 | ||
| 264 | 3 | 1 | _aعمان: دار صفاء للطباعة والنشر والتوزيع، 2018 |
| 300 | _a304ص | ||
| 336 |
_atext _btxt _2rdacontent |
||
| 337 |
_aunmediated _bn _2rdamedia |
||
| 338 |
_avolume _bnc _2rdacarrier |
||
| 650 | 4 |
_a الإدارة - معالجة البيانات إلكترونيا - نظم المعلومات الإدارية _958112 |
|
| 999 |
_aA26079 _c29647 _d29647 |
||